Aircraft basic science / (Record no. 35228)

MARC details
000 -LEADER
fixed length control field 01247nam a22003137a 4500
005 - DATE AND TIME OF LATEST TRANSACTION
control field 20100412140147.0
008 - FIXED-LENGTH DATA ELEMENTS--GENERAL INFORMATION
fixed length control field 100412t xxu||||| |||| 00| 0 eng d
010 ## - LCCN (DPL NO)
LC control number ENG-96017
020 ## - INTERNATIONAL STANDARD BOOK NUMBER
International Standard Book Number 9780070701274
Terms of availability 625.00
020 ## - INTERNATIONAL STANDARD BOOK NUMBER
International Standard Book Number 007070127x
Terms of availability 625.00
035 ## - SYSTEM CONTROL NUMBER
System control number EN-79550
037 ## - SOURCE OF ACQUISITION
Source of stock number/acquisition DBAD/PUB
040 ## - CATALOGING SOURCE
Original cataloging agency DPL
082 ## - DEWEY DECIMAL CLASSIFICATION NUMBER
Classification number 629.13
Edition number 20
100 ## - MAIN ENTRY--PERSONAL NAME
Personal name Kroes, Michael J.
245 ## - TITLE STATEMENT
Title Aircraft basic science /
Statement of responsibility, etc [Michael J.] Kroes, [James R.] Rardon.
250 ## - EDITION STATEMENT
Edition statement 7th ed.
260 ## - PUBLICATION, DISTRIBUTION, ETC. (IMPRINT)
Place of publication, distribution, etc New Delhi
Name of publisher, distributor, etc Tata Mcgraw Hill Education
Date of publication, distribution, etc 2010
270 ## - ADDRESS
Address 7, West Patel Nagar
City New Delhi
Postal code 110018
300 ## - PHYSICAL DESCRIPTION
Extent viii, 414 p. :
Other physical details ill. ;
Dimensions 28 cm. (pbk)
440 ## - SERIES STATEMENT/ADDED ENTRY--TITLE
Title Aviation technology series
500 ## - GENERAL NOTE
General note Rev. ed. of: Aircraft basic science / Michael J. Kroes ... [et al.]. 6th ed. c1988.
500 ## - GENERAL NOTE
General note Includes index.
650 ## - SUBJECT ADDED ENTRY--TOPICAL TERM
Topical term or geographic name as entry element Airplanes
General subdivision Design and construction.
700 ## - ADDED ENTRY--PERSONAL NAME
Personal name Rardon, James R.,
Dates associated with a name 1940-
942 ## - ADDED ENTRY ELEMENTS (KOHA)
Source of classification or shelving scheme Dewey Decimal Classification
Item type English Books
Classification part 629.13
Call number suffix KRO
Holdings
Withdrawn status Lost status Source of classification or shelving scheme Materials specified (bound volume or other part) Damaged status Not for loan Collection code Home library Current library Date acquired Source of acquisition Cost, normal purchase price Total Checkouts Full call number Barcode Date last seen Copy number Cost, replacement price Koha item type
    Dewey Decimal Classification Pbk   Not For Loan Non-fiction D.B.Act.Division D.B.Act.Division 12/03/2010 DBAD/PUB 625.00   629.13- KRO EN-79550 12/04/2010 1 625.00 English Books

© Delhi Public Library
Hit Counter
free hit counter